000 00593nam a2200193 i 4500
001 45933
003 ES-MaACL
005 20230906161313.0
007 t|
008 030327s1926 sp ||||1| spa d
100 1 _aConde, Félix.
_940092
245 1 0 _aManual teórico práctico de tecnología mecánica /
_cpor Félix Conde.
260 _aBarcelona :
_bSarriá,
_c1926 (
_fTip. Salesiana)
300 _a2 v. :
_bil. ;
_c21 cm.
490 1 _aBiblioteca profesional salesiana
830 0 _aBiblioteca profesional salesiana
_9184465
852 _aES-MaACL
_jA-589-90
999 _c45933
_d45933